00779nam a22001577a 4500999001700000082001200017100012500029245010700154260007800261300001000339500004200349546001200391650007400403942001200477952013200489 c38461d38461 aRK 0343 aKumar, Sampath B.T.uDepartment of studies and research in Library and Information science Tumkur UniversityvKarnataka aICT literacy competencies among rural and urban students :bthe digital divide /c B.T. Sampath Kumar a Tumakuru, Karnataka :bIndian council of social science research,c2015. a198p. aIncludes bibliography and appendices. aEnglish aInformation and communication technology literacyz Karnataka , India 2ddccRP 001040718MRPaNASSDOCbNASSDOCd2023-06-16eResearch Report Divisionl0oRK 0343p53762r2023-06-16 00:00:00w2023-06-16yRP